<?xml version="1.0" encoding="UTF-8"?>
<record
    xmlns:xsi="http://www.w3.org/2001/XMLSchema-instance"
    xsi:schemaLocation="http://www.loc.gov/MARC21/slim http://www.loc.gov/standards/marcxml/schema/MARC21slim.xsd"
    xmlns="http://www.loc.gov/MARC21/slim">

  <leader>03119nam a2200289   4500</leader>
  <controlfield tag="003">NALT</controlfield>
  <controlfield tag="005">20260302135533.0</controlfield>
  <controlfield tag="008">260220b        th ||||| |||| 00| 0 tha d</controlfield>
  <datafield tag="020" ind1=" " ind2=" ">
    <subfield code="a">9786168344309</subfield>
  </datafield>
  <datafield tag="040" ind1=" " ind2=" ">
    <subfield code="a">NALT</subfield>
  </datafield>
  <datafield tag="090" ind1=" " ind2=" ">
    <subfield code="a">KA 83</subfield>
    <subfield code="b">&#xE28;365&#xE23; 2567</subfield>
  </datafield>
  <datafield tag="110" ind1="2" ind2=" ">
    <subfield code="a">&#xE2A;&#xE33;&#xE19;&#xE31;&#xE01;&#xE07;&#xE32;&#xE19;&#xE28;&#xE32;&#xE25;&#xE23;&#xE31;&#xE10;&#xE18;&#xE23;&#xE23;&#xE21;&#xE19;&#xE39;&#xE0D;</subfield>
    <subfield code="9">6436</subfield>
  </datafield>
  <datafield tag="245" ind1="1" ind2="0">
    <subfield code="a">&#xE23;&#xE27;&#xE21;&#xE04;&#xE33;&#xE27;&#xE34;&#xE19;&#xE34;&#xE08;&#xE09;&#xE31;&#xE22;&#xE28;&#xE32;&#xE25;&#xE23;&#xE31;&#xE10;&#xE18;&#xE23;&#xE23;&#xE21;&#xE19;&#xE39;&#xE0D; &#xE1B;&#xE23;&#xE30;&#xE08;&#xE33;&#xE1B;&#xE35; 2567 &#xE40;&#xE25;&#xE48;&#xE21; 4 /</subfield>
    <subfield code="c">&#xE2A;&#xE33;&#xE19;&#xE31;&#xE01;&#xE07;&#xE32;&#xE19;&#xE28;&#xE32;&#xE25;&#xE23;&#xE31;&#xE10;&#xE18;&#xE23;&#xE23;&#xE21;&#xE19;&#xE39;&#xE0D;.</subfield>
  </datafield>
  <datafield tag="260" ind1=" " ind2=" ">
    <subfield code="a">&#xE01;&#xE23;&#xE38;&#xE07;&#xE40;&#xE17;&#xE1E;&#xE2F; :</subfield>
    <subfield code="b">&#xE2A;&#xE33;&#xE19;&#xE31;&#xE01;&#xE07;&#xE32;&#xE19;&#xE28;&#xE32;&#xE25;&#xE23;&#xE31;&#xE10;&#xE18;&#xE23;&#xE23;&#xE21;&#xE19;&#xE39;&#xE0D;, </subfield>
    <subfield code="c">2568.</subfield>
  </datafield>
  <datafield tag="300" ind1=" " ind2=" ">
    <subfield code="a">1 &#xE40;&#xE25;&#xE48;&#xE21; ;</subfield>
    <subfield code="c">29 &#xE0B;&#xE21;.</subfield>
  </datafield>
  <datafield tag="505" ind1="2" ind2=" ">
    <subfield code="a">&#xE04;&#xE33;&#xE27;&#xE34;&#xE19;&#xE34;&#xE08;&#xE09;&#xE31;&#xE22;&#xE17;&#xE35;&#xE48; 20/2567 &#xE40;&#xE23;&#xE37;&#xE48;&#xE2D;&#xE07; &#xE04;&#xE13;&#xE30;&#xE01;&#xE23;&#xE23;&#xE21;&#xE01;&#xE32;&#xE23;&#xE01;&#xE32;&#xE23;&#xE40;&#xE25;&#xE37;&#xE2D;&#xE01;&#xE15;&#xE31;&#xE49;&#xE07;&#xE02;&#xE2D;&#xE43;&#xE2B;&#xE49;&#xE28;&#xE32;&#xE25;&#xE23;&#xE31;&#xE10;&#xE18;&#xE23;&#xE23;&#xE21;&#xE19;&#xE39;&#xE0D;&#xE1E;&#xE34;&#xE08;&#xE32;&#xE23;&#xE13;&#xE32;&#xE27;&#xE34;&#xE19;&#xE34;&#xE08;&#xE09;&#xE31;&#xE22;&#xE40;&#xE1E;&#xE37;&#xE48;&#xE2D;&#xE21;&#xE35;&#xE04;&#xE33;&#xE2A;&#xE31;&#xE48;&#xE07;&#xE22;&#xE38;&#xE1A;&#xE1E;&#xE23;&#xE23;&#xE04;&#xE01;&#xE49;&#xE32;&#xE27;&#xE44;&#xE01;&#xE25; -- &#xE04;&#xE33;&#xE27;&#xE34;&#xE19;&#xE34;&#xE08;&#xE09;&#xE31;&#xE22;&#xE17;&#xE35;&#xE48; 21/2567 &#xE40;&#xE23;&#xE37;&#xE48;&#xE2D;&#xE07; &#xE1B;&#xE23;&#xE30;&#xE18;&#xE32;&#xE19;&#xE27;&#xE38;&#xE12;&#xE34;&#xE2A;&#xE20;&#xE32;&#xE2A;&#xE48;&#xE07;&#xE04;&#xE33;&#xE23;&#xE49;&#xE2D;&#xE07;&#xE02;&#xE2D;&#xE43;&#xE2B;&#xE49;&#xE28;&#xE32;&#xE25;&#xE23;&#xE31;&#xE10;&#xE18;&#xE23;&#xE23;&#xE21;&#xE19;&#xE39;&#xE0D;&#xE27;&#xE34;&#xE19;&#xE34;&#xE08;&#xE09;&#xE31;&#xE22;&#xE15;&#xE32;&#xE21;&#xE23;&#xE31;&#xE10;&#xE18;&#xE23;&#xE23;&#xE21;&#xE19;&#xE39;&#xE0D; &#xE21;&#xE32;&#xE15;&#xE23;&#xE32; 170 &#xE27;&#xE23;&#xE23;&#xE04;&#xE2A;&#xE32;&#xE21; &#xE1B;&#xE23;&#xE30;&#xE01;&#xE2D;&#xE1A;&#xE21;&#xE32;&#xE15;&#xE23;&#xE32; 82 &#xE27;&#xE48;&#xE32; &#xE04;&#xE27;&#xE32;&#xE21;&#xE40;&#xE1B;&#xE47;&#xE19;&#xE23;&#xE31;&#xE10;&#xE21;&#xE19;&#xE15;&#xE23;&#xE35;&#xE02;&#xE2D;&#xE07; &#xE19;&#xE32;&#xE22;&#xE40;&#xE28;&#xE23;&#xE29;&#xE10;&#xE32; &#xE17;&#xE27;&#xE35;&#xE2A;&#xE34;&#xE19; &#xE19;&#xE32;&#xE22;&#xE01;&#xE23;&#xE31;&#xE10;&#xE21;&#xE19;&#xE15;&#xE23;&#xE35; &#xE41;&#xE25;&#xE30;&#xE19;&#xE32;&#xE22;&#xE1E;&#xE34;&#xE0A;&#xE34;&#xE15; &#xE0A;&#xE37;&#xE48;&#xE19;&#xE1A;&#xE32;&#xE19; &#xE23;&#xE31;&#xE10;&#xE21;&#xE19;&#xE15;&#xE23;&#xE35;&#xE1B;&#xE23;&#xE30;&#xE08;&#xE33;&#xE2A;&#xE33;&#xE19;&#xE31;&#xE01;&#xE19;&#xE32;&#xE22;&#xE01;&#xE23;&#xE31;&#xE10;&#xE21;&#xE19;&#xE15;&#xE23;&#xE35; &#xE2A;&#xE34;&#xE49;&#xE19;&#xE2A;&#xE38;&#xE14;&#xE25;&#xE07;&#xE40;&#xE09;&#xE1E;&#xE32;&#xE30;&#xE15;&#xE31;&#xE27;&#xE15;&#xE32;&#xE21;&#xE23;&#xE31;&#xE10;&#xE18;&#xE23;&#xE23;&#xE21;&#xE19;&#xE39;&#xE0D; &#xE21;&#xE32;&#xE15;&#xE23;&#xE32; 170 &#xE27;&#xE23;&#xE23;&#xE04;&#xE2B;&#xE19;&#xE36;&#xE48;&#xE07; (4) &#xE1B;&#xE23;&#xE30;&#xE01;&#xE2D;&#xE1A;&#xE21;&#xE32;&#xE15;&#xE23;&#xE32; 160 (4) &#xE41;&#xE25;&#xE30; (5) &#xE2B;&#xE23;&#xE37;&#xE2D;&#xE44;&#xE21;&#xE48; -- &#xE04;&#xE33;&#xE27;&#xE34;&#xE19;&#xE34;&#xE08;&#xE09;&#xE31;&#xE22;&#xE17;&#xE35;&#xE48; 22/2567 &#xE40;&#xE23;&#xE37;&#xE48;&#xE2D;&#xE07; &#xE1E;&#xE23;&#xE30;&#xE23;&#xE32;&#xE0A;&#xE1A;&#xE31;&#xE0D;&#xE0D;&#xE31;&#xE15;&#xE34;&#xE01;&#xE32;&#xE23;&#xE40;&#xE25;&#xE37;&#xE2D;&#xE01;&#xE15;&#xE31;&#xE49;&#xE07;&#xE2A;&#xE21;&#xE32;&#xE0A;&#xE34;&#xE01;&#xE2A;&#xE20;&#xE32;&#xE17;&#xE49;&#xE2D;&#xE07;&#xE16;&#xE34;&#xE48;&#xE19;&#xE2B;&#xE23;&#xE37;&#xE2D;&#xE1C;&#xE39;&#xE49;&#xE1A;&#xE23;&#xE34;&#xE2B;&#xE32;&#xE23;&#xE17;&#xE49;&#xE2D;&#xE07;&#xE16;&#xE34;&#xE48;&#xE19; &#xE1E;.&#xE28;. 2562 &#xE21;&#xE32;&#xE15;&#xE23;&#xE32; 65 &#xE27;&#xE23;&#xE23;&#xE04;&#xE2B;&#xE19;&#xE36;&#xE48;&#xE07; (1) &#xE41;&#xE25;&#xE30;&#xE21;&#xE32;&#xE15;&#xE23;&#xE32; 126 &#xE27;&#xE23;&#xE23;&#xE04;&#xE2B;&#xE19;&#xE36;&#xE48;&#xE07; &#xE40;&#xE09;&#xE1E;&#xE32;&#xE30;&#xE43;&#xE19;&#xE2A;&#xE48;&#xE27;&#xE19;&#xE02;&#xE2D;&#xE07;&#xE01;&#xE32;&#xE23;&#xE40;&#xE1E;&#xE34;&#xE01;&#xE16;&#xE2D;&#xE19;&#xE2A;&#xE34;&#xE17;&#xE18;&#xE34;&#xE40;&#xE25;&#xE37;&#xE2D;&#xE01;&#xE15;&#xE31;&#xE49;&#xE07; &#xE02;&#xE31;&#xE14;&#xE2B;&#xE23;&#xE37;&#xE2D;&#xE41;&#xE22;&#xE49;&#xE07;&#xE15;&#xE48;&#xE2D;&#xE23;&#xE31;&#xE10;&#xE18;&#xE23;&#xE23;&#xE21;&#xE19;&#xE39;&#xE0D; &#xE21;&#xE32;&#xE15;&#xE23;&#xE32; 26 &#xE2B;&#xE23;&#xE37;&#xE2D;&#xE44;&#xE21;&#xE48;.</subfield>
  </datafield>
  <datafield tag="650" ind1=" " ind2="4">
    <subfield code="a">&#xE01;&#xE0E;&#xE2B;&#xE21;&#xE32;&#xE22;&#xE23;&#xE31;&#xE10;&#xE18;&#xE23;&#xE23;&#xE21;&#xE19;&#xE39;&#xE0D;</subfield>
    <subfield code="z">&#xE44;&#xE17;&#xE22; </subfield>
    <subfield code="9">63062</subfield>
  </datafield>
  <datafield tag="650" ind1=" " ind2="4">
    <subfield code="a">&#xE28;&#xE32;&#xE25;&#xE23;&#xE31;&#xE10;&#xE18;&#xE23;&#xE23;&#xE21;&#xE19;&#xE39;&#xE0D; </subfield>
    <subfield code="z">&#xE44;&#xE17;&#xE22;</subfield>
    <subfield code="9">50964</subfield>
  </datafield>
  <datafield tag="650" ind1=" " ind2="4">
    <subfield code="a">&#xE01;&#xE32;&#xE23;&#xE22;&#xE38;&#xE1A;&#xE1E;&#xE23;&#xE23;&#xE04;&#xE01;&#xE32;&#xE23;&#xE40;&#xE21;&#xE37;&#xE2D;&#xE07;</subfield>
    <subfield code="9">13605</subfield>
  </datafield>
  <datafield tag="653" ind1=" " ind2="4">
    <subfield code="a">&#xE22;&#xE38;&#xE1A;&#xE1E;&#xE23;&#xE23;&#xE04;&#xE01;&#xE49;&#xE32;&#xE27;&#xE44;&#xE01;&#xE25;</subfield>
  </datafield>
  <datafield tag="653" ind1=" " ind2="4">
    <subfield code="a">&#xE01;&#xE32;&#xE23;&#xE40;&#xE1E;&#xE34;&#xE01;&#xE16;&#xE2D;&#xE19;&#xE2A;&#xE34;&#xE17;&#xE18;&#xE34;&#xE40;&#xE25;&#xE37;&#xE2D;&#xE01;&#xE15;&#xE31;&#xE49;&#xE07;</subfield>
  </datafield>
  <datafield tag="942" ind1=" " ind2=" ">
    <subfield code="2">local</subfield>
    <subfield code="c">LB</subfield>
  </datafield>
  <datafield tag="996" ind1=" " ind2=" ">
    <subfield code="a">jidapa.t</subfield>
    <subfield code="b">ACQSTF</subfield>
    <subfield code="c">2026-02-20</subfield>
  </datafield>
  <datafield tag="996" ind1=" " ind2=" ">
    <subfield code="a">varee.k</subfield>
    <subfield code="b">LIBSTF</subfield>
    <subfield code="c">2026-02-20</subfield>
  </datafield>
  <datafield tag="996" ind1=" " ind2=" ">
    <subfield code="a">saiphon.d</subfield>
    <subfield code="b">CATSTF	</subfield>
    <subfield code="c">2026-03-02</subfield>
  </datafield>
  <datafield tag="999" ind1=" " ind2=" ">
    <subfield code="c">107798</subfield>
    <subfield code="d">107798</subfield>
  </datafield>
  <datafield tag="998" ind1=" " ind2=" ">
    <subfield code="j">104</subfield>
    <subfield code="k"> &#xE19;&#xE32;&#xE07;&#xE2A;&#xE32;&#xE27;&#xE2A;&#xE32;&#xE22;&#xE1D;&#xE19;  &#xE14;&#xE35;&#xE07;&#xE32;&#xE21;</subfield>
  </datafield>
  <datafield tag="952" ind1=" " ind2=" ">
    <subfield code="0">0</subfield>
    <subfield code="1">0</subfield>
    <subfield code="2">local</subfield>
    <subfield code="4">0</subfield>
    <subfield code="7">0</subfield>
    <subfield code="8">CLAW</subfield>
    <subfield code="a">NALT</subfield>
    <subfield code="b">NALT</subfield>
    <subfield code="c">LAW</subfield>
    <subfield code="d">2026-02-20</subfield>
    <subfield code="e">&#xE2B;&#xE19;&#xE48;&#xE27;&#xE22;&#xE07;&#xE32;&#xE19;&#xE20;&#xE32;&#xE04;&#xE23;&#xE31;&#xE10;</subfield>
    <subfield code="l">0</subfield>
    <subfield code="o">KA 83 &#xE28;365&#xE23; 2567 &#xE25;.4</subfield>
    <subfield code="p">3961216179</subfield>
    <subfield code="r">2026-02-20 00:00:00</subfield>
    <subfield code="t">&#xE09;.1</subfield>
    <subfield code="w">2026-02-20</subfield>
    <subfield code="y">LB</subfield>
  </datafield>
  <datafield tag="952" ind1=" " ind2=" ">
    <subfield code="0">0</subfield>
    <subfield code="1">0</subfield>
    <subfield code="2">local</subfield>
    <subfield code="4">0</subfield>
    <subfield code="7">0</subfield>
    <subfield code="8">CLAW</subfield>
    <subfield code="a">NALT</subfield>
    <subfield code="b">NALT</subfield>
    <subfield code="c">LAW</subfield>
    <subfield code="d">2026-02-20</subfield>
    <subfield code="e">&#xE2B;&#xE19;&#xE48;&#xE27;&#xE22;&#xE07;&#xE32;&#xE19;&#xE20;&#xE32;&#xE04;&#xE23;&#xE31;&#xE10;</subfield>
    <subfield code="l">0</subfield>
    <subfield code="o">KA 83 &#xE28;365&#xE23; 2567 &#xE25;.4</subfield>
    <subfield code="p">3961216180</subfield>
    <subfield code="r">2026-02-20 00:00:00</subfield>
    <subfield code="t">&#xE09;.2</subfield>
    <subfield code="w">2026-02-20</subfield>
    <subfield code="y">LB</subfield>
  </datafield>
</record>
